<?xml version="1.0" encoding="UTF-8"?>
<record
    xmlns:xsi="http://www.w3.org/2001/XMLSchema-instance"
    xsi:schemaLocation="http://www.loc.gov/MARC21/slim http://www.loc.gov/standards/marcxml/schema/MARC21slim.xsd"
    xmlns="http://www.loc.gov/MARC21/slim">

  <leader>01474nam a22004457a 4500</leader>
  <controlfield tag="003">OSt</controlfield>
  <controlfield tag="005">20240716093756.0</controlfield>
  <controlfield tag="008">240713b           ||||| |||| 00| 0 eng d</controlfield>
  <datafield tag="040" ind1=" " ind2=" ">
    <subfield code="c">AIMIT LIBRARY</subfield>
  </datafield>
  <datafield tag="082" ind1=" " ind2=" ">
    <subfield code="a">574.87 </subfield>
    <subfield code="b">RESO</subfield>
  </datafield>
  <datafield tag="110" ind1=" " ind2=" ">
    <subfield code="a">Indian Academy of Sciences</subfield>
    <subfield code="9">173456</subfield>
  </datafield>
  <datafield tag="245" ind1=" " ind2=" ">
    <subfield code="a">Resonance :</subfield>
    <subfield code="b">journal of science education/</subfield>
    <subfield code="c">By Indian Academy of Sciences.</subfield>
  </datafield>
  <datafield tag="260" ind1=" " ind2=" ">
    <subfield code="a">New Delhi ;</subfield>
    <subfield code="b">Springer ,</subfield>
    <subfield code="c">2016.</subfield>
  </datafield>
  <datafield tag="300" ind1=" " ind2=" ">
    <subfield code="b">HB</subfield>
    <subfield code="c">24 cm.</subfield>
  </datafield>
  <datafield tag="440" ind1=" " ind2=" ">
    <subfield code="a">Resonance journal of sicence education</subfield>
    <subfield code="v">Vol.21 No.9-12/2016</subfield>
    <subfield code="9">173457</subfield>
  </datafield>
  <datafield tag="440" ind1=" " ind2=" ">
    <subfield code="v">Vol.19, No.5-8/2014</subfield>
  </datafield>
  <datafield tag="440" ind1=" " ind2=" ">
    <subfield code="v">Vol.23, No.1-6/2018</subfield>
  </datafield>
  <datafield tag="440" ind1=" " ind2=" ">
    <subfield code="v">Vol.19, No.1-4/2014</subfield>
  </datafield>
  <datafield tag="440" ind1=" " ind2=" ">
    <subfield code="v">Vol.18, No.10-12/2013</subfield>
  </datafield>
  <datafield tag="440" ind1=" " ind2=" ">
    <subfield code="v">Vol.17, No.7-12/2012</subfield>
  </datafield>
  <datafield tag="440" ind1=" " ind2=" ">
    <subfield code="v">Vol.20, No.5-8/2015</subfield>
  </datafield>
  <datafield tag="440" ind1=" " ind2=" ">
    <subfield code="v">Vol.19, No.9-12/2014</subfield>
  </datafield>
  <datafield tag="440" ind1=" " ind2=" ">
    <subfield code="v">Vol.18, No.1-3/2013</subfield>
  </datafield>
  <datafield tag="440" ind1=" " ind2=" ">
    <subfield code="v">Vol.23, No.7-12/2018</subfield>
  </datafield>
  <datafield tag="440" ind1=" " ind2=" ">
    <subfield code="v">Vol.20, No.9-12/2015</subfield>
  </datafield>
  <datafield tag="440" ind1=" " ind2=" ">
    <subfield code="v">Vol.22, No.1-5/2017</subfield>
  </datafield>
  <datafield tag="440" ind1=" " ind2=" ">
    <subfield code="v">Vol.20, No.1-4/2015</subfield>
  </datafield>
  <datafield tag="440" ind1=" " ind2=" ">
    <subfield code="v">Vol.24, No.1-6/2019</subfield>
  </datafield>
  <datafield tag="440" ind1=" " ind2=" ">
    <subfield code="v">Vol.21, No.5-8/2016</subfield>
  </datafield>
  <datafield tag="440" ind1=" " ind2=" ">
    <subfield code="v">Vol.21, No.1-4/2016</subfield>
  </datafield>
  <datafield tag="440" ind1=" " ind2=" ">
    <subfield code="v">Vol.18, No.7-9/2013</subfield>
  </datafield>
  <datafield tag="440" ind1=" " ind2=" ">
    <subfield code="v">Vol.17, No.1-6/2012</subfield>
  </datafield>
  <datafield tag="440" ind1=" " ind2=" ">
    <subfield code="v">Vol.24 No.7-12/2019</subfield>
  </datafield>
  <datafield tag="440" ind1=" " ind2=" ">
    <subfield code="v">Vol.18, No.4-6/2013</subfield>
  </datafield>
  <datafield tag="440" ind1=" " ind2=" ">
    <subfield code="v">Vol.22, No.6-11/2017</subfield>
  </datafield>
  <datafield tag="650" ind1=" " ind2=" ">
    <subfield code="a">Lyman spitzer: life times and science</subfield>
    <subfield code="9">173458</subfield>
  </datafield>
  <datafield tag="650" ind1=" " ind2=" ">
    <subfield code="a">Geometry of spin: clifford algebraic approach</subfield>
    <subfield code="9">173459</subfield>
  </datafield>
  <datafield tag="650" ind1=" " ind2=" ">
    <subfield code="a">Hermann weyl and representation theory</subfield>
    <subfield code="9">173460</subfield>
  </datafield>
  <datafield tag="942" ind1=" " ind2=" ">
    <subfield code="2">ddc</subfield>
    <subfield code="c">BV</subfield>
    <subfield code="k">574.87 RESO</subfield>
  </datafield>
  <datafield tag="999" ind1=" " ind2=" ">
    <subfield code="c">231448</subfield>
    <subfield code="d">231448</subfield>
  </datafield>
  <datafield tag="952" ind1=" " ind2=" ">
    <subfield code="0">0</subfield>
    <subfield code="1">0</subfield>
    <subfield code="2">ddc</subfield>
    <subfield code="4">0</subfield>
    <subfield code="7">0</subfield>
    <subfield code="8">MCA</subfield>
    <subfield code="a">AIMIT</subfield>
    <subfield code="b">AIMIT</subfield>
    <subfield code="c">BV</subfield>
    <subfield code="d">2024-07-13</subfield>
    <subfield code="h">Vol.21 No.9-12/2016</subfield>
    <subfield code="l">0</subfield>
    <subfield code="o">574.87  RESO</subfield>
    <subfield code="p">BVI212</subfield>
    <subfield code="r">2024-07-13 00:00:00</subfield>
    <subfield code="w">2024-07-13</subfield>
    <subfield code="y">BV</subfield>
  </datafield>
  <datafield tag="952" ind1=" " ind2=" ">
    <subfield code="0">0</subfield>
    <subfield code="1">0</subfield>
    <subfield code="2">ddc</subfield>
    <subfield code="4">0</subfield>
    <subfield code="7">0</subfield>
    <subfield code="8">MCA</subfield>
    <subfield code="a">AIMIT</subfield>
    <subfield code="b">AIMIT</subfield>
    <subfield code="c">BV</subfield>
    <subfield code="d">2024-07-13</subfield>
    <subfield code="h">Vol.19 No.5-8/2014</subfield>
    <subfield code="l">0</subfield>
    <subfield code="o">574.87  RESO</subfield>
    <subfield code="p">BVI167</subfield>
    <subfield code="r">2024-07-15 00:00:00</subfield>
    <subfield code="w">2024-07-13</subfield>
    <subfield code="y">BV</subfield>
  </datafield>
  <datafield tag="952" ind1=" " ind2=" ">
    <subfield code="0">0</subfield>
    <subfield code="1">0</subfield>
    <subfield code="2">ddc</subfield>
    <subfield code="4">0</subfield>
    <subfield code="7">0</subfield>
    <subfield code="8">MCA</subfield>
    <subfield code="a">AIMIT</subfield>
    <subfield code="b">AIMIT</subfield>
    <subfield code="c">BV</subfield>
    <subfield code="d">2024-07-13</subfield>
    <subfield code="h">Vol.23 No.1-6/2018</subfield>
    <subfield code="l">0</subfield>
    <subfield code="o">574.87  RESO</subfield>
    <subfield code="p">BVI229</subfield>
    <subfield code="r">2024-07-15 00:00:00</subfield>
    <subfield code="w">2024-07-13</subfield>
    <subfield code="y">BV</subfield>
  </datafield>
  <datafield tag="952" ind1=" " ind2=" ">
    <subfield code="0">0</subfield>
    <subfield code="1">0</subfield>
    <subfield code="2">ddc</subfield>
    <subfield code="4">0</subfield>
    <subfield code="7">0</subfield>
    <subfield code="8">MCA</subfield>
    <subfield code="a">AIMIT</subfield>
    <subfield code="b">AIMIT</subfield>
    <subfield code="c">BV</subfield>
    <subfield code="d">2024-07-13</subfield>
    <subfield code="h">Vol.20 No.5-8/2015</subfield>
    <subfield code="l">0</subfield>
    <subfield code="o">574.87  RESO</subfield>
    <subfield code="p">BVI170</subfield>
    <subfield code="r">2024-07-15 00:00:00</subfield>
    <subfield code="w">2024-07-13</subfield>
    <subfield code="y">BV</subfield>
  </datafield>
  <datafield tag="952" ind1=" " ind2=" ">
    <subfield code="0">0</subfield>
    <subfield code="1">0</subfield>
    <subfield code="2">ddc</subfield>
    <subfield code="4">0</subfield>
    <subfield code="7">0</subfield>
    <subfield code="8">MCA</subfield>
    <subfield code="a">AIMIT</subfield>
    <subfield code="b">AIMIT</subfield>
    <subfield code="c">BV</subfield>
    <subfield code="d">2024-07-13</subfield>
    <subfield code="h">Vol.17 No.7-12/2012</subfield>
    <subfield code="l">0</subfield>
    <subfield code="o">574.87  RESO</subfield>
    <subfield code="p">BVI161</subfield>
    <subfield code="r">2024-07-15 00:00:00</subfield>
    <subfield code="w">2024-07-13</subfield>
    <subfield code="y">BV</subfield>
  </datafield>
  <datafield tag="952" ind1=" " ind2=" ">
    <subfield code="0">0</subfield>
    <subfield code="1">0</subfield>
    <subfield code="2">ddc</subfield>
    <subfield code="4">0</subfield>
    <subfield code="7">0</subfield>
    <subfield code="8">MCA</subfield>
    <subfield code="a">AIMIT</subfield>
    <subfield code="b">AIMIT</subfield>
    <subfield code="c">BV</subfield>
    <subfield code="d">2024-07-13</subfield>
    <subfield code="h">Vol.18 No.10-12/2013</subfield>
    <subfield code="l">0</subfield>
    <subfield code="o">574.87  RESO</subfield>
    <subfield code="p">BVI165</subfield>
    <subfield code="r">2024-07-15 00:00:00</subfield>
    <subfield code="w">2024-07-13</subfield>
    <subfield code="y">BV</subfield>
  </datafield>
  <datafield tag="952" ind1=" " ind2=" ">
    <subfield code="0">0</subfield>
    <subfield code="1">0</subfield>
    <subfield code="2">ddc</subfield>
    <subfield code="4">0</subfield>
    <subfield code="7">0</subfield>
    <subfield code="8">MCA</subfield>
    <subfield code="a">AIMIT</subfield>
    <subfield code="b">AIMIT</subfield>
    <subfield code="c">BV</subfield>
    <subfield code="d">2024-07-13</subfield>
    <subfield code="h">Vol.19 No.1-4/2014</subfield>
    <subfield code="l">0</subfield>
    <subfield code="o">574.87  RESO</subfield>
    <subfield code="p">BVI166</subfield>
    <subfield code="r">2024-07-15 00:00:00</subfield>
    <subfield code="w">2024-07-13</subfield>
    <subfield code="y">BV</subfield>
  </datafield>
  <datafield tag="952" ind1=" " ind2=" ">
    <subfield code="0">0</subfield>
    <subfield code="1">0</subfield>
    <subfield code="2">ddc</subfield>
    <subfield code="4">0</subfield>
    <subfield code="7">0</subfield>
    <subfield code="8">MCA</subfield>
    <subfield code="a">AIMIT</subfield>
    <subfield code="b">AIMIT</subfield>
    <subfield code="c">BV</subfield>
    <subfield code="d">2024-07-13</subfield>
    <subfield code="h">Vol.20 No.9-12/2014</subfield>
    <subfield code="l">0</subfield>
    <subfield code="o">574.87  RESO</subfield>
    <subfield code="p">BVI171</subfield>
    <subfield code="r">2024-07-15 00:00:00</subfield>
    <subfield code="w">2024-07-13</subfield>
    <subfield code="y">BV</subfield>
  </datafield>
  <datafield tag="952" ind1=" " ind2=" ">
    <subfield code="0">0</subfield>
    <subfield code="1">0</subfield>
    <subfield code="2">ddc</subfield>
    <subfield code="4">0</subfield>
    <subfield code="7">0</subfield>
    <subfield code="8">MCA</subfield>
    <subfield code="a">AIMIT</subfield>
    <subfield code="b">AIMIT</subfield>
    <subfield code="c">BV</subfield>
    <subfield code="d">2024-07-13</subfield>
    <subfield code="h">Vol.23 No.7-12/2018</subfield>
    <subfield code="l">0</subfield>
    <subfield code="o">574.87  RESO</subfield>
    <subfield code="p">BVI230</subfield>
    <subfield code="r">2024-07-15 00:00:00</subfield>
    <subfield code="w">2024-07-13</subfield>
    <subfield code="y">BV</subfield>
  </datafield>
  <datafield tag="952" ind1=" " ind2=" ">
    <subfield code="0">0</subfield>
    <subfield code="1">0</subfield>
    <subfield code="2">ddc</subfield>
    <subfield code="4">0</subfield>
    <subfield code="7">0</subfield>
    <subfield code="8">MCA</subfield>
    <subfield code="a">AIMIT</subfield>
    <subfield code="b">AIMIT</subfield>
    <subfield code="c">BV</subfield>
    <subfield code="d">2024-07-13</subfield>
    <subfield code="h">Vol.18 No.1-3/2013</subfield>
    <subfield code="l">0</subfield>
    <subfield code="o">574.87  RESO</subfield>
    <subfield code="p">BVI162</subfield>
    <subfield code="r">2024-07-15 00:00:00</subfield>
    <subfield code="w">2024-07-13</subfield>
    <subfield code="y">BV</subfield>
  </datafield>
  <datafield tag="952" ind1=" " ind2=" ">
    <subfield code="0">0</subfield>
    <subfield code="1">0</subfield>
    <subfield code="2">ddc</subfield>
    <subfield code="4">0</subfield>
    <subfield code="7">0</subfield>
    <subfield code="8">MCA</subfield>
    <subfield code="a">AIMIT</subfield>
    <subfield code="b">AIMIT</subfield>
    <subfield code="c">BV</subfield>
    <subfield code="d">2024-07-13</subfield>
    <subfield code="h">Vol.19 No.9-12/2014</subfield>
    <subfield code="l">0</subfield>
    <subfield code="o">574.87  RESO</subfield>
    <subfield code="p">BVI168</subfield>
    <subfield code="r">2024-07-15 00:00:00</subfield>
    <subfield code="w">2024-07-13</subfield>
    <subfield code="y">BV</subfield>
  </datafield>
  <datafield tag="952" ind1=" " ind2=" ">
    <subfield code="0">0</subfield>
    <subfield code="1">0</subfield>
    <subfield code="2">ddc</subfield>
    <subfield code="4">0</subfield>
    <subfield code="7">0</subfield>
    <subfield code="8">MCA</subfield>
    <subfield code="a">AIMIT</subfield>
    <subfield code="b">AIMIT</subfield>
    <subfield code="c">BV</subfield>
    <subfield code="d">2024-07-13</subfield>
    <subfield code="h">Vol.21 No.1-4/2016</subfield>
    <subfield code="l">0</subfield>
    <subfield code="o">574.87  RESO</subfield>
    <subfield code="p">BVI210</subfield>
    <subfield code="r">2024-07-15 00:00:00</subfield>
    <subfield code="w">2024-07-13</subfield>
    <subfield code="y">BV</subfield>
  </datafield>
  <datafield tag="952" ind1=" " ind2=" ">
    <subfield code="0">0</subfield>
    <subfield code="1">0</subfield>
    <subfield code="2">ddc</subfield>
    <subfield code="4">0</subfield>
    <subfield code="7">0</subfield>
    <subfield code="8">MCA</subfield>
    <subfield code="a">AIMIT</subfield>
    <subfield code="b">AIMIT</subfield>
    <subfield code="c">BV</subfield>
    <subfield code="d">2024-07-13</subfield>
    <subfield code="h">Vol.21 No.5-8/2016</subfield>
    <subfield code="l">0</subfield>
    <subfield code="o">574.87  RESO</subfield>
    <subfield code="p">BVI211</subfield>
    <subfield code="r">2024-07-15 00:00:00</subfield>
    <subfield code="w">2024-07-13</subfield>
    <subfield code="y">BV</subfield>
  </datafield>
  <datafield tag="952" ind1=" " ind2=" ">
    <subfield code="0">0</subfield>
    <subfield code="1">0</subfield>
    <subfield code="2">ddc</subfield>
    <subfield code="4">0</subfield>
    <subfield code="7">0</subfield>
    <subfield code="8">MCA</subfield>
    <subfield code="a">AIMIT</subfield>
    <subfield code="b">AIMIT</subfield>
    <subfield code="c">BV</subfield>
    <subfield code="d">2024-07-13</subfield>
    <subfield code="h">Vol.24 No.1-6/2019</subfield>
    <subfield code="l">0</subfield>
    <subfield code="o">574.87  RESO</subfield>
    <subfield code="p">BVI213</subfield>
    <subfield code="r">2024-07-15 00:00:00</subfield>
    <subfield code="w">2024-07-13</subfield>
    <subfield code="y">BV</subfield>
  </datafield>
  <datafield tag="952" ind1=" " ind2=" ">
    <subfield code="0">0</subfield>
    <subfield code="1">0</subfield>
    <subfield code="2">ddc</subfield>
    <subfield code="4">0</subfield>
    <subfield code="7">0</subfield>
    <subfield code="8">MCA</subfield>
    <subfield code="a">AIMIT</subfield>
    <subfield code="b">AIMIT</subfield>
    <subfield code="c">BV</subfield>
    <subfield code="d">2024-07-13</subfield>
    <subfield code="h">Vol.20 No.1-4/2015</subfield>
    <subfield code="l">0</subfield>
    <subfield code="o">574.87  RESO</subfield>
    <subfield code="p">BVI169</subfield>
    <subfield code="r">2024-07-15 00:00:00</subfield>
    <subfield code="w">2024-07-13</subfield>
    <subfield code="y">BV</subfield>
  </datafield>
  <datafield tag="952" ind1=" " ind2=" ">
    <subfield code="0">0</subfield>
    <subfield code="1">0</subfield>
    <subfield code="2">ddc</subfield>
    <subfield code="4">0</subfield>
    <subfield code="7">0</subfield>
    <subfield code="8">MCA</subfield>
    <subfield code="a">AIMIT</subfield>
    <subfield code="b">AIMIT</subfield>
    <subfield code="c">BV</subfield>
    <subfield code="d">2024-07-13</subfield>
    <subfield code="h">Vol.22 No.1-5/2017</subfield>
    <subfield code="l">0</subfield>
    <subfield code="o">574.87  RESO</subfield>
    <subfield code="p">BVI172</subfield>
    <subfield code="r">2024-07-15 00:00:00</subfield>
    <subfield code="w">2024-07-13</subfield>
    <subfield code="y">BV</subfield>
  </datafield>
  <datafield tag="952" ind1=" " ind2=" ">
    <subfield code="0">0</subfield>
    <subfield code="1">0</subfield>
    <subfield code="2">ddc</subfield>
    <subfield code="4">0</subfield>
    <subfield code="7">0</subfield>
    <subfield code="8">MCA</subfield>
    <subfield code="a">AIMIT</subfield>
    <subfield code="b">AIMIT</subfield>
    <subfield code="c">BV</subfield>
    <subfield code="d">2024-07-13</subfield>
    <subfield code="h">Vol.22 No.6-11/2017</subfield>
    <subfield code="l">0</subfield>
    <subfield code="o">574.87  RESO</subfield>
    <subfield code="p">BVI173</subfield>
    <subfield code="r">2024-07-16 00:00:00</subfield>
    <subfield code="w">2024-07-13</subfield>
    <subfield code="y">BV</subfield>
  </datafield>
  <datafield tag="952" ind1=" " ind2=" ">
    <subfield code="0">0</subfield>
    <subfield code="1">0</subfield>
    <subfield code="2">ddc</subfield>
    <subfield code="4">0</subfield>
    <subfield code="7">0</subfield>
    <subfield code="8">MCA</subfield>
    <subfield code="a">AIMIT</subfield>
    <subfield code="b">AIMIT</subfield>
    <subfield code="c">BV</subfield>
    <subfield code="d">2024-07-13</subfield>
    <subfield code="h">Vol.18 No.4-6/2013</subfield>
    <subfield code="l">0</subfield>
    <subfield code="o">574.87  RESO</subfield>
    <subfield code="p">BVI163</subfield>
    <subfield code="r">2024-07-16 00:00:00</subfield>
    <subfield code="w">2024-07-13</subfield>
    <subfield code="y">BV</subfield>
  </datafield>
  <datafield tag="952" ind1=" " ind2=" ">
    <subfield code="0">0</subfield>
    <subfield code="1">0</subfield>
    <subfield code="2">ddc</subfield>
    <subfield code="4">0</subfield>
    <subfield code="7">0</subfield>
    <subfield code="8">MCA</subfield>
    <subfield code="a">AIMIT</subfield>
    <subfield code="b">AIMIT</subfield>
    <subfield code="c">BV</subfield>
    <subfield code="d">2024-07-13</subfield>
    <subfield code="h">Vol.24 No.7-12/2019</subfield>
    <subfield code="l">0</subfield>
    <subfield code="o">574.87  RESO</subfield>
    <subfield code="p">BVI214</subfield>
    <subfield code="r">2024-07-16 00:00:00</subfield>
    <subfield code="w">2024-07-13</subfield>
    <subfield code="y">BV</subfield>
  </datafield>
  <datafield tag="952" ind1=" " ind2=" ">
    <subfield code="0">0</subfield>
    <subfield code="1">0</subfield>
    <subfield code="2">ddc</subfield>
    <subfield code="4">0</subfield>
    <subfield code="7">0</subfield>
    <subfield code="8">MCA</subfield>
    <subfield code="a">AIMIT</subfield>
    <subfield code="b">AIMIT</subfield>
    <subfield code="c">BV</subfield>
    <subfield code="d">2024-07-13</subfield>
    <subfield code="h">Vol.17 No.1-6/2012</subfield>
    <subfield code="l">0</subfield>
    <subfield code="o">574.87  RESO</subfield>
    <subfield code="p">BVI160</subfield>
    <subfield code="r">2024-07-16 00:00:00</subfield>
    <subfield code="w">2024-07-13</subfield>
    <subfield code="y">BV</subfield>
  </datafield>
  <datafield tag="952" ind1=" " ind2=" ">
    <subfield code="0">0</subfield>
    <subfield code="1">0</subfield>
    <subfield code="2">ddc</subfield>
    <subfield code="4">0</subfield>
    <subfield code="7">0</subfield>
    <subfield code="8">MCA</subfield>
    <subfield code="a">AIMIT</subfield>
    <subfield code="b">AIMIT</subfield>
    <subfield code="c">BV</subfield>
    <subfield code="d">2024-07-13</subfield>
    <subfield code="h">Vol.18 No.7-9/2013</subfield>
    <subfield code="l">0</subfield>
    <subfield code="o">574.87  RESO</subfield>
    <subfield code="p">BVI164</subfield>
    <subfield code="r">2024-07-16 00:00:00</subfield>
    <subfield code="w">2024-07-13</subfield>
    <subfield code="y">BV</subfield>
  </datafield>
</record>
